Digitofactura: flexibilización, internet y trabajadores del conocimiento /
Պահպանված է:
| Հիմնական հեղինակ: | |
|---|---|
| Ձևաչափ: | Տեքստ |
| Խորագրեր: | |
| Ցուցիչներ: |
Ավելացրեք ցուցիչ
Չկան պիտակներ, Եղեք առաջինը, ով նշում է այս գրառումը!
|
MARC
| LEADER | 00000 a a2200000 04500 | ||
|---|---|---|---|
| 001 | 3535 | ||
| 003 | |||
| 040 | |||
| 100 | |a Micheli Thirión, Jordy | ||
| 245 | |a Digitofactura: |b flexibilización, internet y trabajadores del conocimiento / |c Jordy Micheli Thirión | ||
| 650 | |a SOCIEDAD DE LA INFORMACION | ||
| 650 | |a INTERNET | ||
| 650 | |a TRABAJO | ||
| 650 | |a CAMBIO ECONOMICO | ||
| 773 | |g volumen 52, número 6; páginas 522-536 | ||
| 999 | |c 29251 |d 29251 | ||
